Statistics for Nomenclature assignment #5

Click here to take the quiz!

General Stats

  • This quiz has been taken 20 times
    (15 since last reset)
  • The average score is 31 of 38

Answer Stats

HintAnswer% Correct
carbon dioxideCO2
100%
dihydrogen monoxideH2O
100%
silicon dioxideSiO2
100%
carbon tetrachlorideCCl4
92%
carbon tetrahydrideCH4
92%
carbon disulfideCS2
92%
nitrogen trihydrideNH3
92%
trioxideO3
92%
sulfur trioxideSO3
92%
COcarbon monoxide
85%
chlorine dioxideClO2
85%
carbon monoxideCO
85%
dinitrogen monoxideN2O
85%
dinitrogen tetroxideN2O4
85%
nitrogen monoxideNO
85%
diphosphorus trioxideP2O3
85%
phosphorus pentabromidePBr5
85%
silicon monocarbideSiC
85%
sulfur dioxideSO2
85%
arsenic tribromideAsBr3
77%
CS2carbon disulfide
77%
CF4carbon tetrafluoride
77%
CH4carbon tetrahydride
77%
H2O2dihydrogen dioxide
77%
H2Odihydrogen monoxide
77%
P2O5diphosphorus pentoxide
77%
NO2nitrogen dioxide
77%
NH3nitrogen trihydride
77%
SiO2silicon dioxide
77%
SiCsilicon monocarbide
77%
SO3sulfur trioxide
77%
O3trioxide
77%
N2O4dinitrogen tetroxide
69%
PBr3phosphorus tribromide
69%
SO2sulfur dioxide
69%
PCl5phosphorus pentachloride
62%
SF4sulfur tetrafluoride
62%
PI3phosphorus triiodide
46%

Score Distribution

Percentile by Number Answered

Percent of People with Each Score

Your Score History

You have not taken this quiz since the last reset